Normal view
MARC view
- Game-Computer
Entry Topical Term
001 - CONTROL NUMBER
- control field: 6564
003 - CONTROL NUMBER IDENTIFIER
- control field: JO-AjAnu
005 - DATE AND TIME OF LATEST TRANSACTION
- control field: 20230606071350.0
008 - FIXED-LENGTH DATA ELEMENTS
- fixed length control field: 230606|| aca||aabn | a|a d
040 ## - CATALOGING SOURCE
- Original cataloging agency: JO-AjAnu
- Transcribing agency: JO-AjAnu
150 ## - HEADING--TOPICAL TERM
- Topical term or geographic name entry element: Game-Computer
670 ## - SOURCE DATA FOUND
- Source citation: Work cat.: (JO-AjAnu)3402: Horton, John, author 6563, Beginning C++ Game Programming: Learn to program with C++ by building fun games